| 000 | 01434nam a22003494a 4500 | ||
|---|---|---|---|
| 001 | ebr10069897 | ||
| 003 | CaPaEBR | ||
| 006 | m u | ||
| 007 | cr cn||||||||| | ||
| 008 | 010614s2002 enka sb 001 0 eng | ||
| 010 | _z 2001037642 | ||
| 020 | _z0521806852 (hardcover) | ||
| 040 |
_aCaPaEBR _cCaPaEBR |
||
| 035 | _a(OCoLC)57123436 | ||
| 050 | 1 | 4 |
_aBF357 _b.I48 2002eb |
| 082 | 0 | 4 |
_a156/.3 _221 |
| 245 | 0 | 4 |
_aThe imitative mind _h[electronic resource] : _bdevelopment, evolution, and brain bases / _cedited by Andrew N. Meltzoff and Wolfgang Prinz. |
| 260 |
_aCambridge, U.K. ; _aNew York : _bCambridge University Press, _c2002. |
||
| 300 |
_aix, 353 p. : _bill. |
||
| 490 | 1 | _aCambridge studies in cognitive perceptual development | |
| 504 | _aIncludes bibliographical references and index. | ||
| 533 |
_aElectronic reproduction. _bPalo Alto, Calif. : _cebrary, _d2013. _nAvailable via World Wide Web. _nAccess may be limited to ebrary affiliated libraries. |
||
| 650 | 0 | _aImitation. | |
| 650 | 0 | _aImitation in children. | |
| 650 | 0 | _aPsychology, Comparative. | |
| 655 | 7 |
_aElectronic books. _2local |
|
| 700 | 1 | _aMeltzoff, Andrew N. | |
| 700 | 1 |
_aPrinz, Wolfgang, _d1942- |
|
| 710 | 2 | _aebrary, Inc. | |
| 830 | 0 | _aCambridge studies in cognitive perceptual development. | |
| 856 | 4 | 0 |
_uhttp://site.ebrary.com/lib/rucke/Doc?id=10069897 _zAn electronic book accessible through the World Wide Web; click to view |
| 999 |
_c42545 _d42545 |
||